书目信息 |
| 题名: |
UML软件建模
|
|
| 作者: | 周秉锋 编著 | |
| 分册: | ||
| 出版信息: | 北京 北京大学出版社 2001.11 |
|
| 页数: | 163页 | |
| 开本: | 23cm | |
| 丛书名: | ||
| 单 册: | ||
| 中图分类: | TP312UM | |
| 科图分类: | ||
| 主题词: | 面向对象语言--程序设计 , 面向对象语言 , 程序设计 | |
| 电子资源: | ||
| ISBN: | 7-301-05299-5 | |
| 000 | 00868cam0 2200277 450 | |
| 001 | 012005002050 | |
| 005 | 20051117151846.35 | |
| 010 | @a7-301-05299-5@dCNY18.00 | |
| 100 | @a20050716d2001 em y0chiy0121 ea | |
| 101 | 0 | @achi |
| 102 | @aCN@b110000 | |
| 105 | @ay z 000yy | |
| 200 | 1 | @aUML软件建模@AUML ruan jian jian mo@f周秉锋编著 |
| 210 | @a北京@c北京大学出版社@d2001.11 | |
| 215 | @a163页@d23cm | |
| 330 | @a本书结合软件开发实际,循序渐进地全面介绍了统一建模语言的基本概念、实际应用和理论基础。 | |
| 333 | @a读者对象:计算机应用技术专业研究生教材、软件产品分析、设计和开发人员 | |
| 606 | 0 | @a面向对象语言@x程序设计 |
| 606 | 0 | @a面向对象语言 |
| 606 | 0 | @a程序设计 |
| 610 | 0 | @aUML |
| 690 | @aTP312UM@v4 | |
| 701 | 0 | @a周秉锋@Azhou bing feng@4编著 |
| 801 | 0 | @aCN@bSRXX@c20051117 |
| 801 | 2 | @aCN@bSRXX@c20051021 |
| 905 | @a10447@dTP312UM@eZ750 | |
| UML软件建模/周秉锋编著.-北京:北京大学出版社,2001.11 |
| 163页;23cm |
| 使用对象:读者对象:计算机应用技术专业研究生教材、软件产品分析、设计和开发人员 |
| ISBN 7-301-05299-5:CNY18.00 |
| 本书结合软件开发实际,循序渐进地全面介绍了统一建模语言的基本概念、实际应用和理论基础。 |
| ● |
| 相关链接 |
|
|
|
正题名:UML软件建模
索取号:TP312UM/Z750
 
预约/预借
| 序号 | 登录号 | 条形码 | 馆藏地/架位号 | 状态 | 备注 |
| 1 | 542359 | 205423594 | 自科库301/301自科库 56排1列1层/ [索取号:TP312UM/Z750] | 在馆 | |
| 2 | 542360 | 205423601 | 自科库301/301自科库 56排1列1层/ [索取号:TP312UM/Z750] | 在馆 | |
| 3 | 542361 | 205423610 | 自科二线404/301自科库 50排2列3层/ [索取号:TP312UM/Z750] | 在馆 |